[Event "17. Amber Rapid"]
[Site "Niza FRA"]
[Date "2008.03.26"]
[Round "10.3"]
[White "Anand, Viswanathan"]
[Black "Gelfand, Boris"]
[Result "0-1"]
[WhiteElo "2799"]
[BlackElo "2737"]
[PlyCount "98"]
[EventDate "2008.03.15"]
[Source "www.chesslib.no"]
[SourceDate "2004.05.04"]

1. c4 Nf6 2. Nf3 c6 3. d4 d5 4. e3 Bg4 5. h3 Bxf3 6. Qxf3 e6 7. Nc3 Nbd7 8. Bd3 Bb4 9. O-O O-O 10. Rd1 Nb6 11. c5 Nbd7 12. a3 Ba5 13. b4 Bc7 14. Bf1 e5 15. b5 Re8 16. Na2 Ne4 17. Bd3 Nexc5 18. Bxh7+ Kxh7 19. dxc5 Kg8 20. e4 Nxc5 21. exd5 e4 22. Qg4 cxd5 23. Be3 Nd3 24. Nb4 Qd6 25. Qg3 Qd7 26. f4 d4 27. Nxd3 dxe3 28. Ne5 Qxb5 29. Ng4 Qg5 30. fxg5 Bxg3 31. Nxe3 Rad8 32. Nf5 Bf4 33. h4 Rxd1+ 34. Rxd1 e3 35. Re1 Re5 36. g4 g6 37. Nh6+ Kg7 38. Kg2 e2 39. Kf3 Bc1 40. a4 f6 41. gxf6+ Kxh6 42. g5+ Kh7 43. Rxe2 Rxe2 44. Kxe2 a6 45. Kd3 b5 46. axb5 axb5 47. Kc3 Ba3 48. Kd4 Kg8 49. Kd5 Kf7 0-1

[Event "World Cup"]
[Site "Khanty-Mansiysk RUS"]
[Date "2007.12.04"]
[Round "4.2"]
[White "Kamsky, G."]
[Black "Svidler, P."]
[Result "1/2-1/2"]
[WhiteElo "2714"]
[BlackElo "2732"]
[PlyCount "49"]
[EventDate "2007.11.24"]
[Source "www.chesslib.no"]
[SourceDate "2004.05.04"]

1. Nf3 d5 2. d4 Nf6 3. c4 c6 4. Qc2 g6 5. Bf4 dxc4 6. Qxc4 Bg7 7. Nbd2 Be6 8. Qc2 Nh5 9. Bxb8 Rxb8 10. e3 O-O 11. Bd3 Nf6 12. O-O Rc8 13. b4 a5 14. a3 axb4 15. axb4 Nd5 16. Rab1 Bg4 17. h3 Bxf3 18. Nxf3 Qd6 19. Qb3 Rfd8 20. Rfd1 e6 21. Bc4 b5 22. Bxd5 cxd5 23. Ne1 Rc4 24. Nd3 e5 25. dxe5 1/2-1/2

[Event "Monte Carlo MNC"]
[Site "?"]
[Date "2006.03.19"]
[Round "2"]
[White "Morozevich Alexander"]
[Black "Gelfand Boris"]
[Result "1/2-1/2"]
[WhiteElo "2721"]
[BlackElo "2723"]
[PlyCount "39"]
[EventDate "2006.??.??"]
[Source "www.chesslib.no"]
[SourceDate "2004.05.04"]

1. Nf3 Nf6 2. g3 d5 3. Bg2 c6 4. O-O Bf5 5. d4 e6 6. c4 Nbd7 7. Nc3 h6 8. Ne5 Be7 9. cxd5 exd5 10. f3 Bh7 11. Bf4 Nh5 12. Be3 O-O 13. Qb3 Qc7 14. Rac1 Nhf6 15. Nxd5 Nxd5 16. Qxd5 Nxe5 17. dxe5 Rfd8 18. Qb3 Qxe5 19. f4 Qe6 20. Qxe6 1/2-1/2

[Event "Amber 2007 Blindfold"]
[Site "Monte Carlo MNC"]
[Date "2007.03.24"]
[Round "7"]
[White "Gelfand, B."]
[Black "Van Wely, L."]
[Result "1-0"]
[WhiteElo "2733"]
[BlackElo "2683"]
[PlyCount "49"]
[EventDate "2007.03.17"]
[Source "www.chesslib.no"]
[SourceDate "2004.05.04"]

1. d4 d5 2. c4 c6 3. Nf3 Nf6 4. Qb3 e6 5. Bg5 h6 6. Bh4 Nbd7 7. e3 Be7 8. Nc3 O-O 9. Bd3 b6 10. cxd5 cxd5 11. O-O Bb7 12. Rfc1 a6 13. Na4 b5 14. Nc5 Nxc5 15. dxc5 Ne4 16. Bxe7 Qxe7 17. c6 Bc8 18. a4 bxa4 19. Rxa4 Nd6 20. Qa3 Qc7 21. b4 Qb6 22. b5 Nxb5 23. Bxb5 Qxb5 24. Rb4 Qe2 25. Rb2 1-0

[Event "Mind Sports Games - Rapid Ind"]
[Site "Pechino CINA"]
[Date "2008.10.07"]
[Round "9"]
[White "Bu Xiangzhi"]
[Black "Wang Hao"]
[Result "1-0"]
[WhiteElo "2714"]
[BlackElo "2696"]
[PlyCount "129"]
[EventDate "2008.10.05"]
[Source "www.chesslib.no"]
[SourceDate "2004.05.04"]

1. Nf3 Nf6 2. c4 c6 3. d4 d5 4. e3 Bg4 5. Qb3 Qb6 6. Nc3 e6 7. Nh4 Bh5 8. h3 Bg6 9. Nxg6 hxg6 10. Qc2 Nbd7 11. b3 Rc8 12. Be2 c5 13. O-O cxd4 14. exd4 dxc4 15. bxc4 Qxd4 16. Rb1 Bc5 17. Rxb7 Qd6 18. Ne4 Nxe4 19. Qxe4 Nf6 20. Qd3 Qxd3 21. Bxd3 O-O 22. Bf4 Rfd8 23. Rb3 Bb6 24. Rc1 Nd7 25. Bf1 Nc5 26. Ra3 Ne4 27. Be3 Bxe3 28. Rxe3 Nc5 29. Ra3 Rc7 30. Rc2 Kf8 31. g3 Ke7 32. h4 Rd6 33. Kg2 Ra6 34. Rxa6 Nxa6 35. Rb2 Nc5 36. Rb5 Kd6 37. Rb8 Rb7 38. Rd8+ Ke7 39. Rc8 Kd6 40. Be2 Rb2 41. Bf3 Rxa2 42. Rc6+ Kd7 43. Rxc5 a6 44. Rc6 Ra4 45. c5 Ra5 46. g4 Rb5 47. Rxa6 Rxc5 48. Ra7+ Ke8 49. g5 Kf8 50. Be4 Rc4 51. f3 Rc5 52. Kg3 Ke8 53. Kf4 Kf8 54. Ra8+ Ke7 55. Rg8 Rc1 56. h5 gxh5 57. Rxg7 Kf8 58. Rh7 Kg8 59. Rxh5 Rc5 60. Rh6 Ra5 61. Kg4 Kg7 62. Rf6 Ra1 63. Bc6 Rg1+ 64. Kf4 e5+ 65. Ke4 1-0

[Event "Amber-blind 10th"]
[Site "Monte Carlo"]
[Date "2001.03.20"]
[Round "4"]
[White "Karpov, Anatoly"]
[Black "Ivanchuk, Vassily"]
[Result "1/2-1/2"]
[WhiteElo "2679"]
[BlackElo "2717"]
[PlyCount "42"]
[EventDate "2001.03.17"]
[Source "ChessBase"]
[SourceDate "2001.05.06"]

1. d4 Nf6 2. Nf3 d5 3. c4 c6 4. e3 a6 5. Nbd2 Bf5 6. Be2 h6 7. cxd5 cxd5 8. Nb3 e6 9. O-O Nc6 10. Bd2 Bd6 11. Rc1 Ne4 12. Be1 Qe7 13. Na5 Nxa5 14. Bxa5 O-O 15. Nd2 Rfc8 16. Nxe4 Bxe4 17. Qd2 Qh4 18. g3 Qh3 19. f3 Bxg3 20. hxg3 Qxg3+ 21. Kh1 Qh3+ 1/2-1/2

[Event "World Blitz"]
[Site "Moscow RUS"]
[Date "2007.11.21"]
[Round "17"]
[White "Ivanchuk, V."]
[Black "Dreev, A."]
[Result "1-0"]
[WhiteElo "2787"]
[BlackElo "2607"]
[PlyCount "118"]
[EventDate "2007.11.21"]
[Source "www.chesslib.no"]
[SourceDate "2004.05.04"]

1. c4 c6 2. Nf3 d5 3. d4 Nf6 4. e3 Bg4 5. h3 Bxf3 6. Qxf3 e6 7. Nc3 Bb4 8. Bd3 Nbd7 9. O-O O-O 10. Rd1 Qe7 11. Qe2 dxc4 12. Bxc4 e5 13. d5 Bxc3 14. dxc6 Bxb2 15. Bxb2 bxc6 16. Rac1 c5 17. Bb3 a5 18. Qc2 Rfb8 19. Ba1 Rc8 20. Qf5 a4 21. Bc4 Rab8 22. Rd2 Re8 23. Rcd1 Nf8 24. Qc2 a3 25. Rd3 Ra8 26. Qc1 Qa7 27. Rb3 N8d7 28. Rd6 Reb8 29. Ra6 Qc7 30. Qxa3 Rxa6 31. Qxa6 Rxb3 32. Bxb3 g6 33. Bc3 Kg7 34. Qc4 Nb6 35. Ba5 Nxc4 36. Bxc7 Nd5 37. Bxe5+ Nxe5 38. Bxd5 c4 39. Kf1 c3 40. Bb3 Kf6 41. Ke2 Ke7 42. f4 Nc6 43. Kd3 f6 44. Kxc3 Kd6 45. h4 h6 46. g3 Kc5 47. a4 Na5 48. Ba2 Nc6 49. Bb1 g5 50. Bf5 Ne7 51. Be4 Nc8 52. a5 Nd6 53. Bd3 gxh4 54. gxh4 Nc8 55. a6 Na7 56. Bc4 Nc6 57. Kd3 Nb4+ 58. Ke4 Nc6 59. Bf1 Kd6 1-0

[Event "II Open Rapid"]
[Site "Canada de Calatrava SPA"]
[Date "2007.04.07"]
[Round "6"]
[White "Gelfand, B."]
[Black "Fressinet, L."]
[Result "1-0"]
[WhiteElo "2733"]
[BlackElo "2646"]
[PlyCount "89"]
[EventDate "2007.04.06"]
[Source "www.chesslib.no"]
[SourceDate "2004.05.04"]

1. d4 d5 2. c4 c6 3. Nf3 Nf6 4. Qb3 dxc4 5. Qxc4 Bg4 6. Nc3 Nbd7 7. e4 e6 8. Be3 Be7 9. Be2 O-O 10. O-O Rc8 11. Qb3 Qb6 12. Qc2 Qc7 13. Rac1 Qb8 14. Rfd1 Rfd8 15. Bg5 Bxf3 16. Bxf3 e5 17. dxe5 Nxe5 18. Be2 Ng6 19. g3 Qe5 20. Be3 Bc5 21. Bxc5 Qxc5 22. Nd5 Qxc2 23. Nxf6+ gxf6 24. Rxd8+ Rxd8 25. Rxc2 Nf8 26. f3 Ne6 27. Kf2 Kf8 28. Ke3 Ke7 29. Rc4 Rd7 30. f4 h6 31. b3 a6 32. Bg4 Rd8 33. b4 Ra8 34. Rc3 Rg8 35. Bd1 Rd8 36. Bb3 Nd4 37. Rd3 Ne6 38. Bxe6 Rxd3+ 39. Kxd3 fxe6 40. Kd4 b6 41. g4 Kd6 42. e5+ fxe5+ 43. fxe5+ Ke7 44. h4 Kd7 45. a4 1-0

[Event "19 ECC 2003 Men"]
[Site "?"]
[Date "2003.09.30"]
[Round "3.32"]
[White "Dreev Alexey"]
[Black "Morozevich Alexander"]
[Result "1/2-1/2"]
[WhiteElo "2698"]
[BlackElo "2679"]
[PlyCount "93"]
[EventDate "2003.??.??"]
[Source "www.chesslib.no"]
[SourceDate "2004.05.04"]

1. d4 d5 2. c4 c6 3. Nf3 Nf6 4. Qc2 Bg4 5. Ne5 Bh5 6. cxd5 Nxd5 7. a3 Nb6 8. Qf5 Bg6 9. Nxg6 hxg6 10. Qd3 e6 11. Nc3 Be7 12. g3 a5 13. Bg2 a4 14. O-O Ra5 15. Rd1 N8d7 16. e4 O-O 17. Be3 Qb8 18. Qe2 e5 19. dxe5 Qxe5 20. Bh3 Qc7 21. Rac1 Bc5 22. Bf4 Ne5 23. Nxa4 Nxa4 24. b4 Rb5 25. Qc2 Ra8 26. Rd7 Qb8 27. Qb3 Bxf2+ 28. Kxf2 Qa7+ 29. Be3 Nb6 30. Re7 Qxa3 31. Qxa3 Rxa3 32. Rxe5 Rxe5 33. Bxb6 Rxe4 34. Rc2 Rb3 35. Bc5 b6 36. Bg2 Re6 37. Bxb6 Rxb4 38. Be3 Rf6+ 39. Ke2 Rb3 40. Bf4 c5 41. Rxc5 Rb2+ 42. Kf3 Ra6 43. Bc1 Rf6+ 44. Bf4 Ra6 45. Bc1 Rf6+ 46. Bf4 Ra6 47. Ke4 1/2-1/2

[Event "5th IECC"]
[Site "Antalya"]
[Date "2004.05.24"]
[Round "9"]
[White "Ivanchuk, Vassily"]
[Black "Nikolic, Predrag"]
[Result "1/2-1/2"]
[WhiteElo "2716"]
[BlackElo "2648"]
[PlyCount "40"]
[EventDate "2004.05.15"]
[Source "Roberto Alvarez"]
[SourceDate "2004.05.31"]

1. Nf3 d5 2. d4 c6 3. c4 dxc4 4. a4 c5 5. Nc3 cxd4 6. Qxd4 Nc6 7. Qxd8+ Kxd8 8. e4 e6 9. Bxc4 Bb4 10. O-O Nf6 11. e5 Nd7 12. Bf4 h6 13. Nb5 Ke7 14. h4 a6 15. Nd6 Ncxe5 16. Nxe5 Nxe5 17. Bxe5 f6 18. Bxf6+ gxf6 19. Nxc8+ Raxc8 20. b3 Rhd8 1/2-1/2

[Event "ch-Euro Blitz"]
[Site "Ajaccio FRA"]
[Date "2007.10.25"]
[Round "17"]
[White "Bacrot, E."]
[Black "Tkachiev, V."]
[Result "0-1"]
[WhiteElo "2695"]
[BlackElo "2661"]
[PlyCount "57"]
[EventDate "2007.10.25"]
[Source "www.chesslib.no"]
[SourceDate "2004.05.04"]

1. d4 d5 2. Nf3 Nf6 3. c4 c6 4. e3 Bg4 5. Nc3 e6 6. h3 Bxf3 7. Qxf3 Nbd7 8. Bd3 Bb4 9. a3 Ba5 10. g4 O-O 11. b4 Bc7 12. g5 Ne8 13. cxd5 cxd5 14. e4 Nd6 15. exd5 e5 16. Ne2 Re8 17. Qg4 exd4 18. Bf4 Ne5 19. Bxe5 Rxe5 20. Qxd4 Qxg5 21. f4 Qh4+ 22. Kd2 Re7 23. Rag1 g6 24. Rg4 Qh6 25. h4 Rae8 26. h5 Nf5 27. Qf6 Rxe2+ 28. Bxe2 Bxf4+ 29. Kd3 0-1

[Event "Bosna 2001"]
[Site "Sarajevo"]
[Date "2001.05.19"]
[Round "6"]
[White "Dreev, Alexey"]
[Black "Movsesian, Sergei"]
[Result "1/2-1/2"]
[WhiteElo "2685"]
[BlackElo "2661"]
[PlyCount "62"]
[EventDate "2001.05.13"]
[Source "ChessBase"]
[SourceDate "2001.09.13"]

1. d4 Nf6 2. c4 c6 3. Nf3 d5 4. e3 Bg4 5. h3 Bh5 6. Nc3 e6 7. g4 Bg6 8. Ne5 Nfd7 9. Nxg6 hxg6 10. e4 dxe4 11. Nxe4 Be7 12. Bg2 Nf6 13. Nc3 Nbd7 14. Be3 Qc7 15. Qe2 Nb6 16. O-O-O O-O-O 17. Kb1 Bb4 18. Rc1 Bxc3 19. Rxc3 e5 20. dxe5 Qxe5 21. Rd3 Rxd3 22. Qxd3 Rd8 23. Qc2 Ne8 24. b3 Nc7 25. Qb2 Qxb2+ 26. Kxb2 Ne6 27. h4 Nd7 28. g5 Ndc5 29. Bf3 Nd3+ 30. Kc3 Ndf4 31. Bg4 Kb8 1/2-1/2

[Event "Reykjavik 87/332"]
[Site "?"]
[Date "2003.??.??"]
[Round "?"]
[White "Korchnoi, V."]
[Black "Sokolov, I."]
[Result "1/2-1/2"]
[WhiteElo "2642"]
[BlackElo "2688"]
[PlyCount "82"]
[EventDate "2003.??.??"]
[Source "Chess Informant"]
[SourceDate "2003.02.01"]

1. Nf3 d5 2. d4 Nf6 3. c4 c6 4. e3 Bg4 5. h3 Bh5 6. cxd5 Bxf3 7. Qxf3 cxd5 8. Nc3 Nc6 9. Bd2 a6 10. Rc1 Rc8 11. Bd3 e5 12. dxe5 Nxe5 13. Qe2 Bd6 14. O-O O-O 15. Rfd1 Bb8 16. Be1 Qd6 17. Bf5 Nc6 18. g3 Rcd8 19. Qf3 Qe5 20. Ne2 Ne4 21. Nd4 Nxd4 22. exd4 Qe7 23. Ba5 Rde8 24. Re1 g6 25. Bxe4 dxe4 26. Qb3 Qg5 27. Bb4 e3 28. Rxe3 Bxg3 29. Rc5 Bxf2+ 30. Kxf2 Qf4+ 31. Ke2 Qh2+ 32. Kd3 Rxe3+ 33. Kxe3 Re8+ 34. Re5 Qxh3+ 35. Kd2 Qh2+ 36. Kc1 Rxe5 37. dxe5 Qxe5 38. Qf3 Qb5 39. Bc3 f5 40. Qd1 Kf7 41. Qd8 Qf1+ 1/2-1/2

[Event "WchT 5th"]
[Site "Yerevan"]
[Date "2001.10.12"]
[Round "1.2"]
[White "Ponomariov, Ruslan"]
[Black "Lutz, Christopher"]
[Result "1-0"]
[WhiteElo "2684"]
[BlackElo "2643"]
[PlyCount "185"]
[EventDate "2001.10.12"]
[Source "ChessBase"]
[SourceDate "2001.02.01"]

1. g3 d5 2. Bg2 c6 3. Nf3 Bg4 4. b3 Nd7 5. Bb2 Ngf6 6. O-O e6 7. c4 Bd6 8. d4 Bxf3 9. exf3 O-O 10. f4 dxc4 11. bxc4 c5 12. Nd2 cxd4 13. Nb3 Qc7 14. Nxd4 a6 15. Rc1 Rad8 16. Qf3 Nc5 17. Nb3 Nfd7 18. Rfd1 e5 19. fxe5 Bxe5 20. Ba3 b6 21. Qc6 Rc8 22. Qxc7 Rxc7 23. Rd5 Bf6 24. Rcd1 Rb8 25. Bh3 Ne5 26. Nxc5 bxc5 27. Rxc5 Rxc5 28. Bxc5 Nxc4 29. Bf1 Nb2 30. Rd7 a5 31. Kg2 g6 32. Be2 Kg7 33. Be3 Rc8 34. Ra7 Bc3 35. Bg4 Re8 36. Rc7 Bf6 37. Rc5 h5 38. Be2 a4 39. h3 Rd8 40. Rc2 a3 41. Kf1 Rd7 42. Bc5 Be7 43. Bb6 Bf6 44. Rc7 Rxc7 45. Bxc7 Be7 46. f4 f6 47. Kf2 Bc5+ 48. Kf3 Kf7 49. Bb5 Nd1 50. Ba5 f5 51. Be1 Ke7 52. Ke2 Nb2 53. Bc3 Bd6 54. h4 Bc5 55. Be5 Bb4 56. Bd4 Kf7 57. Bc6 Ke7 58. Bd5 Ke8 59. Bf6 Kf8 60. Bb3 Ke8 61. Bd4 Ke7 62. Be3 Ke8 63. Bd2 Bc5 64. Bc3 Ke7 65. Kd2 Ke8 66. Kc2 Ke7 67. Be1 Ke8 68. Kc3 Ke7 69. Bd2 Bf2 70. Kc2 Bc5 71. Bd5 Na4 72. Be1 Nb6 73. Bg8 Nd7 74. Kb3 Nf6 75. Bc4 Ne4 76. Ka4 Ke8 77. Kb5 Bd4 78. Kc6 Bc3 79. Bxc3 Nxc3 80. Kc5 Ne4+ 81. Kb4 Nxg3 82. Kxa3 Kd7 83. Kb4 Kc6 84. a4 Ne4 85. a5 Nf2 86. Bf1 Kb7 87. Kc5 Ng4 88. Kd4 Nh2 89. Be2 Ka7 90. Ke5 Ng4+ 91. Ke6 Ne3 92. Kf6 Nd5+ 93. Kg5 1-0

[Event "XV It"]
[Site "?"]
[Date "2005.12.27"]
[Round "5"]
[White "Izoria Zviad"]
[Black "Harikrishna Pendyala"]
[Result "1/2-1/2"]
[WhiteElo "2646"]
[BlackElo "2673"]
[PlyCount "63"]
[EventDate "2005.??.??"]
[Source "www.chesslib.no"]
[SourceDate "2004.05.04"]

1. d4 d5 2. c4 c6 3. Nf3 dxc4 4. e3 Be6 5. Qc2 Nf6 6. Bxc4 Bxc4 7. Qxc4 Qa5+ 8. Bd2 Qa6 9. Na3 e6 10. Qxa6 Nxa6 11. Nc4 Ne4 12. Ke2 Be7 13. Rhc1 Nxd2 14. Nfxd2 c5 15. Nb3 cxd4 16. Nxd4 O-O 17. Na5 Bd8 18. Nxb7 Rb8 19. Nxd8 Rxb2+ 20. Rc2 Rxc2+ 21. Nxc2 Rxd8 22. Rb1 Nc5 23. Nd4 g6 24. Rc1 Ne4 25. f3 Nf6 26. Rc7 Rb8 27. e4 Rb2+ 28. Rc2 Rb7 29. Rc8+ Kg7 30. Nb3 Nd7 31. Ke3 g5 32. g3 1/2-1/2

[Event "VIII Torneo Karpov"]
[Site "Poikovsky RUS"]
[Date "2007.03.21"]
[Round "6"]
[White "Alekseev, Evgeny"]
[Black "Dreev, A."]
[Result "1-0"]
[WhiteElo "2661"]
[BlackElo "2658"]
[PlyCount "100"]
[EventDate "2007.03.15"]
[Source "www.chesslib.no"]
[SourceDate "2004.05.04"]

1. Nf3 d5 2. c4 c6 3. d4 Nf6 4. Qc2 g6 5. Bf4 dxc4 6. Qxc4 Be6 7. Qc1 Bg4 8. Nbd2 Bg7 9. e3 Nbd7 10. Ne5 Be6 11. Bc4 Bxc4 12. Qxc4 O-O 13. Nb3 a5 14. O-O a4 15. Nxd7 Nxd7 16. Nc5 Nxc5 17. Qxc5 Re8 18. Qb4 Ra7 19. Rac1 Qa5 20. Qa3 Bf8 21. Qd3 Qd5 22. Qb1 Ra5 23. Rfd1 Qf5 24. Qxf5 Rxf5 25. Be5 f6 26. g4 Rg5 27. f3 fxe5 28. h4 exd4 29. hxg5 dxe3 30. Kf1 Bg7 31. Rc2 Kf7 32. Ke2 h6 33. gxh6 Bxh6 34. Rd4 Rh8 35. f4 e5 36. fxe5 Bg5 37. Kd3 Ke6 38. Rd6+ Kxe5 39. Rxg6 Rd8+ 40. Ke2 Bf4 41. Rc5+ Kd4 42. Rf5 Be5 43. Re6 Rd5 44. Kf3 Rb5 45. b3 a3 46. Re7 b6 47. Rd7+ Kc3 48. Kxe3 Kb2 49. Rd2+ Kc3 50. Rd3+ Kb4 1-0

[Event "ch-Euro Blitz"]
[Site "Ajaccio FRA"]
[Date "2007.10.25"]
[Round "8"]
[White "Fridman, D2."]
[Black "Bacrot, E."]
[Result "0-1"]
[WhiteElo "2621"]
[BlackElo "2695"]
[PlyCount "107"]
[EventDate "2007.10.25"]
[Source "www.chesslib.no"]
[SourceDate "2004.05.04"]

1. d4 d5 2. Nf3 Nf6 3. c4 c6 4. e3 a6 5. Nc3 b5 6. b3 Bg4 7. Be2 e6 8. h3 Bb4 9. Bd2 Bh5 10. O-O Bd6 11. Ne5 Bxe2 12. Nxe2 O-O 13. Rc1 Bxe5 14. dxe5 Ne4 15. cxd5 Qxd5 16. Bb4 Re8 17. Qxd5 exd5 18. Nd4 a5 19. Bd6 Nxd6 20. exd6 Ra6 21. d7 Rd8 22. Nxb5 Nxd7 23. Nd4 c5 24. Ne2 a4 25. Rfd1 axb3 26. axb3 Rd6 27. Nc3 Nb6 28. Nb5 Rc6 29. e4 Kf8 30. Rd2 Rcc8 31. exd5 Rxd5 32. Rxd5 Nxd5 33. Nd6 Rc6 34. Ne4 Nb4 35. Rxc5 Rb6 36. Rc8+ Ke7 37. Rc7+ Ke8 38. Ra7 Nd5 39. Nc5 Rb5 40. Nd3 Rxb3 41. Ne5 f6 42. Nc6 Rb6 43. Nd4 Ne7 44. Kh2 Kf7 45. f4 h5 46. Nf5 Re6 47. Kg3 g6 48. Nxe7 Rxe7 49. Rxe7+ Kxe7 50. f5 g5 51. Kf3 Kd6 52. Ke4 Kc5 53. h4 gxh4 54. Ke3 0-1

[Event "XXIV ECC"]
[Site "Kallithea GRE"]
[Date "2008.10.22"]
[Round "6"]
[White "Van Wely, L."]
[Black "Sasikiran, K."]
[Result "1/2-1/2"]
[WhiteElo "2618"]
[BlackElo "2694"]
[PlyCount "102"]
[EventDate "2008.10.17"]
[Source "www.chesslib.no"]
[SourceDate "2004.05.04"]

1. Nf3 d5 2. d4 Nf6 3. c4 c6 4. e3 a6 5. Nc3 e6 6. b3 c5 7. Bb2 cxd4 8. Nxd4 dxc4 9. Bxc4 Bd7 10. Be2 Nc6 11. Bf3 Qb6 12. Nxc6 Bxc6 13. O-O Rd8 14. Qe2 Be7 15. Na4 Bxf3 16. Qxf3 Qb5 17. Rac1 O-O 18. Bd4 Rc8 19. Rxc8 Rxc8 20. Nb6 Rc6 21. Nc4 Qd5 22. Qe2 b5 23. Ne5 Rc8 24. Rd1 Qe4 25. a4 Qb7 26. Qf3 Qd5 27. Qxd5 Nxd5 28. axb5 axb5 29. Kf1 f6 30. Nf3 Kf7 31. e4 Nb4 32. Be3 Nc2 33. Bd2 e5 34. Ke2 Ke8 35. Rc1 Ba3 36. Rb1 Bd6 37. Rc1 Ba3 38. Rb1 Rc6 39. Kd1 Kd7 40. Ne1 Nxe1 41. Kxe1 Rc2 42. b4 Ra2 43. Bc3 Ke8 44. Rb3 Bc1 45. Kd1 Bf4 46. g3 Bh6 47. Bb2 g6 48. Kc2 Ra6 49. Rd3 Rc6+ 50. Bc3 Bf8 51. Kb3 Rd6 1/2-1/2

[Event "Aeroflot Open"]
[Site "Moscow RUS"]
[Date "2008.02.21"]
[Round "8"]
[White "Timofeev, Arty"]
[Black "Predojevic, B."]
[Result "1/2-1/2"]
[WhiteElo "2664"]
[BlackElo "2641"]
[PlyCount "82"]
[EventDate "2008.02.14"]
[Source "www.chesslib.no"]
[SourceDate "2004.05.04"]

1. d4 Nf6 2. c4 c6 3. Nf3 d5 4. e3 Bg4 5. h3 Bxf3 6. Qxf3 e6 7. Nc3 Nbd7 8. Bd2 g6 9. Be2 Bg7 10. O-O O-O 11. Qg3 Re8 12. Rfd1 a6 13. Be1 Rc8 14. Rac1 Qe7 15. Qf3 Qd6 16. Rc2 Qb8 17. Bf1 dxc4 18. Bxc4 c5 19. dxc5 Ne5 20. Qe2 Rxc5 21. Bb3 Rec8 22. Rdc1 Ned7 23. Qd1 R5c7 24. Na4 b5 25. Rxc7 Rxc7 26. Nc3 Nc5 27. Bc2 Ne8 28. a3 Rc8 29. b4 Nb7 30. Bd3 Nbd6 31. a4 Nc4 32. axb5 axb5 33. Qb3 Ned6 34. Ne2 Qb6 35. Bc3 e5 36. Kh1 Ra8 37. Rd1 Qc6 38. Qb1 h5 39. Rc1 Qb7 40. Ng3 f5 41. Nf1 Ra3 1/2-1/2

[Event "Sarajevo 84/299"]
[Site "?"]
[Date "2002.??.??"]
[Round "?"]
[White "Georgiev, Ki"]
[Black "Sokolov, I."]
[Result "1/2-1/2"]
[WhiteElo "2654"]
[BlackElo "2647"]
[PlyCount "89"]
[EventDate "2002.??.??"]
[Source "Chess Informant"]
[SourceDate "2002.02.01"]

1. c4 Nf6 2. d4 c6 3. Nf3 d5 4. e3 Bg4 5. h3 Bxf3 6. Qxf3 e6 7. Nc3 Bd6 8. Bd2 O-O 9. Bd3 Nbd7 10. O-O Qe7 11. b3 Rfe8 12. Qd1 a6 13. c5 Bc7 14. f4 Rad8 15. Qf3 e5 16. fxe5 Nxe5 17. dxe5 Qxe5 18. g3 Ba5 19. Nb1 Bc7 20. Nc3 Ba5 21. Rac1 d4 22. Nb1 Bxd2 23. Nxd2 dxe3 24. Nc4 Qxc5 25. Be2 Qe7 26. Rc3 Nd5 27. Rd3 b5 28. Na5 Qc7 29. Nxc6 Qxc6 30. Qxf7+ Kh8 31. Rfd1 Re5 32. h4 h6 33. a4 bxa4 34. bxa4 Qc5 35. Qf3 a5 36. Rd4 Qc2 37. g4 Qc5 38. Kh1 Qe7 39. Rxd5 Rexd5 40. Rxd5 Rxd5 41. Qxd5 Qxh4+ 42. Kg2 Qf2+ 43. Kh3 Qxe2 44. Qa8+ Kh7 45. Qe4+ 1/2-1/2

[Event "57th ch-RUS Qualifier"]
[Site "St Petersburg"]
[Date "2004.05.23"]
[Round "3"]
[White "Dreev, Alexey"]
[Black "Epishin, Vladimir"]
[Result "1-0"]
[WhiteElo "2689"]
[BlackElo "2610"]
[PlyCount "77"]
[EventDate "2004.05.01"]
[Source "Roberto Alvarez"]
[SourceDate "2004.05.31"]

1. d4 Nf6 2. c4 c6 3. Nf3 d5 4. e3 a6 5. b3 Bg4 6. Nbd2 Nbd7 7. Bb2 e6 8. Bd3 Bh5 9. O-O Be7 10. h3 O-O 11. Qc2 Bg6 12. Bxg6 hxg6 13. e4 Nxe4 14. Nxe4 dxe4 15. Qxe4 Qa5 16. a3 Rfe8 17. Rfe1 Rad8 18. Rad1 Qf5 19. Qe3 g5 20. g4 Qg6 21. Bc1 Nf8 22. Nxg5 f5 23. Nxe6 Bxa3 24. Qg5 Rxe6 25. Qxd8 Rxe1+ 26. Rxe1 Bxc1 27. Rxc1 fxg4 28. h4 Qe4 29. Qb8 Qxd4 30. Re1 Qf6 31. Re8 Qf3 32. Qg3 Qf7 33. Qe5 b5 34. Re7 Qg6 35. h5 Qh6 36. Qf5 g3 37. Qf7+ Kh7 38. Qf5+ Kg8 39. f4 1-0

[Event "ECC"]
[Site "Rethymnon"]
[Date "2003.09.29"]
[Round "2"]
[White "Azmaiparashvili, Zurab"]
[Black "Jobava, Baadur"]
[Result "1/2-1/2"]
[WhiteElo "2702"]
[BlackElo "2596"]
[PlyCount "80"]
[EventDate "2003.09.28"]
[Source "Roberto Alvarez"]
[SourceDate "2003.10.06"]

1. d4 Nf6 2. c4 c6 3. Nf3 d5 4. e3 Bg4 5. h3 Bxf3 6. Qxf3 e6 7. Bd3 Bb4+ 8. Bd2 Bxd2+ 9. Nxd2 O-O 10. O-O Nbd7 11. Rad1 Qb6 12. b3 Rad8 13. Qe2 e5 14. cxd5 cxd5 15. dxe5 Nxe5 16. Nf3 Nxf3+ 17. Qxf3 d4 18. exd4 Rxd4 19. Bc4 Rxd1 20. Rxd1 Qc7 21. Re1 a6 22. a4 h6 23. g3 Rd8 24. Kg2 Qd7 25. Re3 Re8 26. Rd3 Qc7 27. Rd4 Qe7 28. Rf4 Qd7 29. Rxf6 gxf6 30. Qxf6 h5 31. Qg6+ Kf8 32. Qh6+ Kg8 33. Qg6+ Kf8 34. Qxh5 Re1 35. Qf3 b5 36. axb5 axb5 37. Bd3 Rc1 38. Qa8+ Rc8 39. Bxb5 Qxh3+ 40. Kxh3 Rxa8 1/2-1/2

[Event "BL 0607 SC Bann - Bindl-Aktionär"]
[Site "Germania"]
[Date "2007.03.18"]
[Round "13.2"]
[White "Stocek, Jiri"]
[Black "Navara, David"]
[Result "1/2-1/2"]
[WhiteElo "2572"]
[BlackElo "2725"]
[PlyCount "134"]
[EventDate "2006.10.28"]
[Source "www.chesslib.no"]
[SourceDate "2004.05.04"]

1. d4 d5 2. c4 c6 3. Nf3 dxc4 4. a4 Nf6 5. e3 Bg4 6. Bxc4 e6 7. Nbd2 Bb4 8. h3 Bh5 9. O-O Nbd7 10. Be2 O-O 11. Nc4 c5 12. Bd2 Bxd2 13. Qxd2 Qe7 14. Rfd1 Rfd8 15. Rac1 Ne4 16. Qc2 Ndf6 17. Ncd2 Nxd2 18. Rxd2 Bg6 19. Qxc5 Qxc5 20. dxc5 Kf8 21. Rxd8+ Rxd8 22. c6 Rb8 23. Bb5 a6 24. cxb7 Rxb7 25. Bxa6 Rxb2 26. Ra1 Ne4 27. Bd3 Nc5 28. Bxg6 hxg6 29. a5 Na6 30. Ne5 Rb5 31. f4 g5 32. Rd1 gxf4 33. exf4 g5 34. Rd8+ Kg7 35. Rd7 gxf4 36. Rxf7+ Kg8 37. Ra7 Rxe5 38. Rxa6 Kf7 39. Ra8 Kg7 40. Kf2 Re3 41. a6 Ra3 42. a7 e5 43. h4 e4 44. Re8 Ra2+ 45. Kg1 Rxa7 46. Rxe4 f3 47. Rg4+ Kh6 48. gxf3 Ra2 49. Rg2 Ra4 50. Rg4 Ra2 51. Rg8 Kh5 52. Rh8+ Kg6 53. Kf1 Rh2 54. Rg8+ Kh5 55. Rh8+ Kg6 56. Kg1 Ra2 57. Re8 Kh5 58. Re4 Rb2 59. Ra4 Rc2 60. Rg4 Ra2 61. Re4 Rb2 62. Kf1 Rh2 63. Re8 Rxh4 64. Rh8+ Kg5 65. Rxh4 Kxh4 66. Ke2 Kg5 67. Ke3 Kf5 1/2-1/2

[Event "TCh-FRA Nat1 GpA"]
[Site "Evry"]
[Date "2004.01.30"]
[Round "1"]
[White "Agrest, Evgenij"]
[Black "Lautier, Joel"]
[Result "1/2-1/2"]
[WhiteElo "2616"]
[BlackElo "2676"]
[PlyCount "47"]
[EventDate "2004.01.30"]
[Source "Roberto Alvarez"]
[SourceDate "2004.02.09"]

1. Nf3 d5 2. d4 Nf6 3. c4 c6 4. Qb3 e6 5. Bg5 h6 6. Bh4 Be7 7. e3 O-O 8. Nc3 b6 9. Rd1 Bb7 10. Bd3 Nbd7 11. cxd5 Nxd5 12. Nxd5 cxd5 13. Bxe7 Qxe7 14. O-O Rfc8 15. Rc1 Nf6 16. Nd2 Rc7 17. Qa4 Rac8 18. Rxc7 Qxc7 19. h3 Ne8 20. Nb3 Nd6 21. Rc1 Bc6 22. Qa6 Qb7 23. Qxb7 Bxb7 24. Rxc8+ 1/2-1/2